000 00399pab a2200157 454500
008 180718b1990 xxu||||| |||| 00| 0 eng d
100 _aAlexander, K.C.
245 _aCultural pattern in developed and underdeveloped areas
260 _c1990
300 _a453-83
362 _aMay
650 _aCulture - India
700 _aK.P. Kumaran
773 _aJournal of Rural Development
909 _a6938
999 _c6938
_d6938